Ochrana štátnych hraníc a prevencia krádeží motorových vozidiel zborník z konferencie konanej v dňoch 8. a 9.11.1995 v Trenčianskych Tepliciach

Bibliographic Details
Other Authors: Tallo, Anton, 1941- (Compiler), Haládik, Jozef, 1952- (Compiler)
Format: Book
Language:Slovak
PhysicalDescription:234 strán grafy, ilustrácie, mapy, schémy, tabuľky 25 cm
Published: Bratislava Akadémia policajného zboru SR 1996
ISBN:8088751748
Subjects:

MARC

LEADER 00000cam a2200000 a 4500
001 vtls001217364
003 SK-MaSNL
005 20260301112418.0
008 240322s1996 xo dablfrn 10000 slo
015 |a SNBA1996/0702018 
020 |a 8088751748  |q (brožované) 
035 |a SNK000160473 
040 |a SNK  |b slo  |c SNK  |e AACR2 
041 0 |a slo 
044 |a xo  |c SK 
072 7 |a 355/359  |x Vojenstvo. Obrana krajiny. Ozbrojené sily  |2 konspekt 
072 7 |a 343  |x Trestné právo  |2 konspekt 
080 |a 351.746.1(082)  |2 1997 
080 |a 343.711:629.11(082)  |2 1997 
080 |a 629.33  |2 2011 
080 |a 343.711  |2 2011 
080 |a 343.85  |2 2011 
080 |a (062.534)  |2 2011 
080 |a 355.457  |2 2011 
245 0 0 |a Ochrana štátnych hraníc a prevencia krádeží motorových vozidiel  |b zborník z konferencie konanej v dňoch 8. a 9.11.1995 v Trenčianskych Tepliciach  |c [zostavil: Anton Tallo, Jozef Haládik] 
260 |a Bratislava  |b Akadémia policajného zboru SR  |c 1996 
300 |a 234 strán  |b grafy, ilustrácie, mapy, schémy, tabuľky  |c 25 cm 
366 |e 250 výtl. 
504 |a Obsahuje bibliografiu 
650 0 7 |a motorové vozidlá  |2 SNKPH  |9 1587 
650 0 7 |a krádeže motorových vozidiel  |2 SNKPH  |9 116696 
650 0 7 |a prevencia kriminality  |2 SNKPH  |9 2696 
650 0 7 |a ochrana štátnych hraníc  |2 SNKPH  |9 59216 
655 7 |a zborníky konferencií  |2 SNKPH  |9 70153 
700 1 |a Tallo, Anton,  |d 1941-  |4 com  |9 220462 
700 1 |a Haládik, Jozef,  |d 1952-  |4 com  |9 210845 
919 |a 80-88751-74-8 
954 |a odborná, vedecká literatúra pôvodná (slovenská)  |2 lita 
958 |a EUIPO 
958 |a TL 
958 |a NB 
958 |a OND 
999 |c 710481  |d 712411 
952 |a SNK  |b SNK  |y VYP  |7 0  |p 17A0004558  |o snkSC 90594 D1  |i snkKSP 4549/96  |0 0  |1 0  |4 0  |d 1996-05-20  |l 0  |r 2005-01-01 00:00:00  |w 2026-02-23 
952 |t P60, <09>, [BOOK], {629}  |a SNK  |b SNK  |y NEVYP  |7 0  |o snkB 520  |i snk1859/960522  |0 0  |1 0  |4 0  |d 1996-05-20  |l 0  |r 2005-01-01 00:00:00  |w 2026-02-23 
952 |a SNK  |b SNK  |y PREZ  |7 0  |p 17A0005200  |o snkSC 90594  |i snkKSP 4548/96  |0 0  |1 0  |4 0  |d 1996-05-20  |f 1  |l 0  |r 2025-09-09 00:00:00  |w 2026-02-23